=LDR 00000nam 2200000 4500 =001 INLIS000000000050202 =005 20201222111831 =035 ##$$a 0010-0417000017 =007 ta =008 201222################g##########0#ind## =020 ##$$a 978-602-1142-41-7 =082 ##$$a 307.12 =084 ##$$a 307.12 PUR b =100 #$$a Purwadi =245 1#$$a Babad Tanah Leluhur : $b Menelususri Jejak Kehidupan Masyarakat Jawa Kuno /$c Purwadi =250 ##$$a cet.1 =260 ##$$a Yogyakarta :$b Shira Media,$c 2015 =300 ##$$a 215 ; $c 22 x 14 cm =650 #4$$a Sosiologi =990 ##$$a 31701502 =990 ##$$a 31701501